01361nab a22002777a 4500003000400000005001700004008004100021040000700062100002300069245011300092260007300205300001300278500002600291505034000317505008200657650001800739650001900757650002200776650002900798650001700827650001400844650002200858650002500880650002700905773015100932OSt20250211122921.0190429b xxu||||| |||| 00| 0 spa d cPJ aValongo, Matías 13a¿El fin justifica los medios?:bbreves notas críticas del proyecto de Ley Antimafias /cMatías Valongo. cCiudad Autónoma de Buenos Aires :aThomson Reuters La Ley, b2025. ap. 36-47 aCita: AR/DOC/74/2025. aSumario: I. Introducción.— II. Antecedentes del proyecto.— III. Ámbito de aplicación.— IV. Zona sujeta a investigación especial.— V. Recopilación e intercambio de inteligencia criminal.— VI. Modificaciones al Cód. Penal.— VII. Extinción de dominio.— VIII. Aplicación y competencia.— IX. Conclusiones.  tSi te interesa el texto completo, solicitalo a koha@justierradelfuego.gov.ar  0aDERECHO PENAL 0aNARCOTRÁFICO 0aLAVADO DE ACTIVOS 0aPARTICIPACIÓN CRIMINAL 0aCODIGO PENAL 0aAUTORÍA 0aDEFENSA EN JUICIO 0aDERECHO DE PROPIEDAD 0aASOCIACIÓN ILÍCITA0 02658tRevista de derecho penal y criminología. Nº 1 - Febrero 2025dCiudad Autónoma de Buenos Aires : Thomson Reuters La Ley, 2017-x00347914